Исследования огнезащитных свойств отдельных компонентов, применяемых для огнезащиты древесины; Экология и безопасность в техносфере: современные проблемы и пути решения

Podrobná bibliografie
Parent link:Экология и безопасность в техносфере: современные проблемы и пути решения.— 2017.— [С. 726-729]
Hlavní autor: Белошицкий П. С.
Korporativní autor: Национальный исследовательский Томский политехнический университет (ТПУ)
Další autoři: Дягтерев Г. И.
Shrnutí:Заглавие с экрана
В работе дано краткое описание проблемы огнезащиты древесины. Изучены достоинства и недостатки различных способов огнезащиты. Исследованы огнезащитные свойства лигносульфаната технического, декстрина и соды кальцинированной соды.
The paper gives a brief description of the problem of fire protection of wood. The advantages and disadvantages of various methods of fire protection have been studied. The fireproof properties of technical lignosulfonate, dextrin and soda ash of soda ash are investigated.
Jazyk:ruština
Vydáno: 2017
Edice:Современные технологии ликвидации ЧС и техническое обеспечение аварийно-спасательных работ
Témata:
On-line přístup:http://earchive.tpu.ru/handle/11683/46754
Médium: MixedMaterials Elektronický zdroj Kapitola
KOHA link:https://koha.lib.tpu.ru/cgi-bin/koha/opac-detail.pl?biblionumber=626578

MARC

LEADER 00000naa2a2200000 4500
001 626578
005 20231101133423.0
035 |a (RuTPU)RU\TPU\conf\25996 
035 |a RU\TPU\conf\25995 
090 |a 626578 
100 |a 20180306d2017 k y0rusy50 ca 
101 0 |a rus  |d eng 
102 |a RU 
105 |a y z 101zy 
135 |a drgn ---uucaa 
181 0 |a i  
182 0 |a b 
200 1 |a Исследования огнезащитных свойств отдельных компонентов, применяемых для огнезащиты древесины  |f П. С. Белошицкий, Г. И. Дягтерев 
203 |a Текст  |c электронный 
225 1 |a Современные технологии ликвидации ЧС и техническое обеспечение аварийно-спасательных работ 
230 |a 1 компьютерный файл (pdf; 134 Kb) 
300 |a Заглавие с экрана 
320 |a [Библиогр.: с. 728-729 (3 назв.)] 
330 |a В работе дано краткое описание проблемы огнезащиты древесины. Изучены достоинства и недостатки различных способов огнезащиты. Исследованы огнезащитные свойства лигносульфаната технического, декстрина и соды кальцинированной соды. 
330 |a The paper gives a brief description of the problem of fire protection of wood. The advantages and disadvantages of various methods of fire protection have been studied. The fireproof properties of technical lignosulfonate, dextrin and soda ash of soda ash are investigated. 
463 0 |0 (RuTPU)RU\TPU\conf\25447  |t Экология и безопасность в техносфере: современные проблемы и пути решения  |o сборник трудов Всероссийской научно-практической конференции молодых ученых, аспирантов и студентов, г. Юрга, 23-25 ноября 2017 г.  |f Национальный исследовательский Томский политехнический университет (ТПУ), Юргинский технологический институт (ЮТИ) ; под ред. Д. А. Чинахова [и др.]  |v [С. 726-729]  |d 2017 
610 1 |a электронный ресурс 
610 1 |a труды учёных ТПУ 
610 1 |a огнезащита 
610 1 |a лакокрасочные материалы 
610 1 |a возгорания 
610 1 |a антипирены 
610 1 |a древесина 
610 1 |a пропиточные составы 
700 1 |a Белошицкий  |b П. С. 
701 1 |a Дягтерев  |b Г. И. 
712 0 2 |a Национальный исследовательский Томский политехнический университет (ТПУ)  |c (2009- )  |2 stltpush  |3 (RuTPU)RU\TPU\col\15902 
801 2 |a RU  |b 63413507  |c 20180313  |g RCR 
856 4 |u http://earchive.tpu.ru/handle/11683/46754 
942 |c BK